01495nam a2200373 a 4500001001200000003000800012006001900020007001500039008004100054010001700095020004300112020003800155020002100193020002300214040002100237035002100258050002500279082001700304100001500321245010500336246004800441260006000489300001600549490003400565504006600599533015200665650002900817650004400846650002400890655002900914710001700943830003500960856012600995ebr10236729CaPaEBRm u cr cn|||||||||070306s2007 dcu sb 001 0 eng d z 2007007016 z9781589011854 (hardcover : alk. paper) z9781589011847 (pbk. : alk. paper) z1589011848 (pbk) z1589011856 (cloth) aCaPaEBRcCaPaEBR a(OCoLC)29055914314aBP173.63b.O3 2007eb04a297.2/722221 aOh, Irene.14aThe rights of Godh[electronic resource] :bIslam, human rights, and comparative ethics /cIrene Oh.30aIslam, human rights, and comparative ethics aWashington, D.C. :bGeorgetown University Press,c2007. avii, 158 p.1 aAdvancing human rights series aIncludes bibliographical references (p. 145 -150 ) and index. aElectronic reproduction.bPalo Alto, Calif. :cebrary,d2013.nAvailable via World Wide Web.nAccess may be limited to ebrary affiliated libraries. 0aIslam and civil society. 0aHuman rightsxReligious aspectsxIslam. 0aIslam and humanism. 7aElectronic books.2local2 aebrary, Inc. 0aAdvancing human rights series.40uhttp://site.ebrary.com/lib/rucke/Doc?id=10236729zAn electronic book accessible through the World Wide Web; click to view